Normal view
MARC view
- Muhammad Tauqueer
Entry Personal Name
001 - CONTROL NUMBER
- control field: 94285
003 - CONTROL NUMBER IDENTIFIER
- control field: NUST
005 - DATE AND TIME OF LATEST TRANSACTION
- control field: 20220721105727.0
008 - FIXED-LENGTH DATA ELEMENTS
- fixed length control field: 220721|| aca||aabn | a|a d
040 ## - CATALOGING SOURCE
- Original cataloging agency: NUST
- Transcribing agency: NUST
100 ## - HEADING--PERSONAL NAME
- Personal name: Muhammad Tauqueer
670 ## - SOURCE DATA FOUND
- Source citation: Work cat.: (NUST)176537: Aslam, Muhammad 94284, A guide book to computer science, 1999
